| 000 -LEADER |
| fixed length control field |
02353 a2200325 4500 |
| 003 - CONTROL NUMBER IDENTIFIER |
| control field |
Nust |
| 005 - DATE AND TIME OF LATEST TRANSACTION |
| control field |
20170207154457.0 |
| 020 ## - INTERNATIONAL STANDARD BOOK NUMBER |
| International Standard Book Number |
0-7803-4728-5 |
| 020 ## - INTERNATIONAL STANDARD BOOK NUMBER |
| International Standard Book Number |
0-8493-8579-2 (CRC Press) |
| 020 ## - INTERNATIONAL STANDARD BOOK NUMBER |
| International Standard Book Number |
3-540-64834-8 (Springer (IEEE) |
| 040 ## - CATALOGING SOURCE |
| Transcribing agency |
Nust |
| 082 0# - DEWEY DECIMAL CLASSIFICATION NUMBER |
| Classification number |
621.382 |
| 082 0# - DEWEY DECIMAL CLASSIFICATION NUMBER |
| Classification number |
621.382 |
| 082 0# - DEWEY DECIMAL CLASSIFICATION NUMBER |
| Classification number |
621.382 |
| Author Mark |
2 |
| 100 1# - MAIN ENTRY--PERSONAL NAME |
| Personal name |
Poularikas, Alexander D. |
| 245 04 - TITLE STATEMENT |
| Title |
The handbook of formulas and tables for signal processing (E-Book) |
| Statement of responsibility, etc. |
Alexander D. Poularikas |
| 260 ## - PUBLICATION, DISTRIBUTION, ETC. |
| Place of publication, distribution, etc. |
Boca Raton, Fla. : |
| Name of publisher, distributor, etc. |
CRC Press, |
| Date of publication, distribution, etc. |
cop. 1999 |
| 300 ## - PHYSICAL DESCRIPTION |
| Extent |
xi, ca. 800 s. med var. pag. : |
| Other physical details |
ill. |
| 440 #4 - SERIES STATEMENT/ADDED ENTRY--TITLE |
| Title |
The electrical engineering handbook series, |
| 505 ## - FORMATTED CONTENTS NOTE |
| Formatted contents note |
1 Fourier Series 2 Laplace Transforms 3 Fourier Transform 4 Discrete-Time Fourier Transform, One- and Two-Dimensional 5 Distributions, Delta Function 6 The Z-Transform 7 Windows 8 Two-Dimensional Z-Transform 9 Analytical Methods 10 Signals and Their Characterization 11 Discrete Fourier Transform 12 Analog Filter Approximations 13 Sine and Cosine Transforms 14 The Hartley Transform 15 The Hilbert Transform 16 The Radon and Abel Transform 17 The Hankel Transform 18 The Mellin Transform ©1999 CRC Press LLC 19 Time-Frequency Transformations 20 Complex Variable Analysis 21 Legendre Polynomials 22 Hermite Polynomials 23 Laguere Polynomials 24 Chebyshev Polynomials 25 Bessell Functions 26 Zernike Polynomials 27 Special Functions 28 Asymptotic Expansions 29 Non-Recursive Filters 30 Recursive Filters 31 Recursive Filters Satisfying Prescribed Specifications 32 Statistics 33 Matrices 34 Random Variables and Stochastic Processes 35 Random Digital Signal Processing 36 Spectral Estimation of Random Discrete Signals 37 Adaptive Filters 38 Band-Limited Functions and Sampling Theorem 39 Higher-Order Statistical Analysis 40 Stochastic Simulations ©1999 CRC Press LLC 41 Nonlinear Digital Filtering 42 Wavelet Transforms 43 Trigonometric and Hyperbolic Functions 44 Algebra 45 Calculus |
| 538 ## - SYSTEM DETAILS NOTE |
| System details note |
E-Book |
| 650 #0 - SUBJECT ADDED ENTRY--TOPICAL TERM |
| Topical term or geographic name entry element |
Signal processing |
| 650 #0 - SUBJECT ADDED ENTRY--TOPICAL TERM |
| Topical term or geographic name entry element |
Signal processing |
| 650 #0 - SUBJECT ADDED ENTRY--TOPICAL TERM |
| Topical term or geographic name entry element |
Signal processing |
| General subdivision |
Handbooks, manuals, etc |
| 650 #0 - SUBJECT ADDED ENTRY--TOPICAL TERM |
| Topical term or geographic name entry element |
Signalbehandling |
| 650 #0 - SUBJECT ADDED ENTRY--TOPICAL TERM |
| Topical term or geographic name entry element |
Signalbehandling |
| 650 #0 - SUBJECT ADDED ENTRY--TOPICAL TERM |
| Topical term or geographic name entry element |
Signalteori: teleteknik |
| 651 ## - SUBJECT ADDED ENTRY--GEOGRAPHIC NAME |
| Geographic name |
The handbook of formulas and tables for signal processing (E-Book) |
| 856 41 - ELECTRONIC LOCATION AND ACCESS |
| Uniform Resource Identifier |
<a href="http://www.engnetbase.com/pdf/ENGnetBASE/8579/8579%20fm.pdf">http://www.engnetbase.com/pdf/ENGnetBASE/8579/8579%20fm.pdf</a> |
| 942 ## - ADDED ENTRY ELEMENTS (KOHA) |
| Source of classification or shelving scheme |
|
| Koha item type |
Book |